Normal view
MARC view
- Lewis,Harry
Entry Personal Name
001 - CONTROL NUMBER
- control field: 266
003 - CONTROL NUMBER IDENTIFIER
- control field: JO-AjAnu
005 - DATE AND TIME OF LATEST TRANSACTION
- control field: 20230606070339.0
008 - FIXED-LENGTH DATA ELEMENTS
- fixed length control field: 230606|| aca||aabn | a|a d
040 ## - CATALOGING SOURCE
- Original cataloging agency: JO-AjAnu
- Transcribing agency: JO-AjAnu
100 ## - HEADING--PERSONAL NAME
- Personal name: Lewis,Harry
670 ## - SOURCE DATA FOUND
- Source citation: Work cat.: (JO-AjAnu)139: Lewis,Harry, author, Elements of the Theory of Computation